<?xml version="1.0" encoding="UTF-8"?>
<record
    xmlns:xsi="http://www.w3.org/2001/XMLSchema-instance"
    xsi:schemaLocation="http://www.loc.gov/MARC21/slim http://www.loc.gov/standards/marcxml/schema/MARC21slim.xsd"
    xmlns="http://www.loc.gov/MARC21/slim">

  <leader>02219nam a22003374a 4500</leader>
  <controlfield tag="001">ebr5006040</controlfield>
  <controlfield tag="003">CaPaEBR</controlfield>
  <controlfield tag="006">m        u        </controlfield>
  <controlfield tag="007">cr cn|||||||||</controlfield>
  <controlfield tag="008">011004s2001    ja a    sb    001 0 eng  </controlfield>
  <datafield tag="010" ind1=" " ind2=" ">
    <subfield code="z">  2001006005</subfield>
  </datafield>
  <datafield tag="020" ind1=" " ind2=" ">
    <subfield code="z">9280810626 (pbk.)</subfield>
  </datafield>
  <datafield tag="040" ind1=" " ind2=" ">
    <subfield code="a">CaPaEBR</subfield>
    <subfield code="c">CaPaEBR</subfield>
  </datafield>
  <datafield tag="035" ind1=" " ind2=" ">
    <subfield code="a">(OCoLC)70767602</subfield>
  </datafield>
  <datafield tag="050" ind1="1" ind2="4">
    <subfield code="a">HC125</subfield>
    <subfield code="b">.F66 2001eb</subfield>
  </datafield>
  <datafield tag="082" ind1="0" ind2="4">
    <subfield code="a">338.98</subfield>
    <subfield code="2">21</subfield>
  </datafield>
  <datafield tag="100" ind1="1" ind2=" ">
    <subfield code="a">Franco Vasco, Andr&#xFFFD;es.</subfield>
  </datafield>
  <datafield tag="245" ind1="1" ind2="0">
    <subfield code="a">Financing for development in Latin America and the Caribbean</subfield>
    <subfield code="h">[electronic resource] /</subfield>
    <subfield code="c">edited by Andr&#xFFFD;es Franco.</subfield>
  </datafield>
  <datafield tag="260" ind1=" " ind2=" ">
    <subfield code="a">Tokyo ;</subfield>
    <subfield code="a">New York :</subfield>
    <subfield code="b">United Nations University Press,</subfield>
    <subfield code="c">c2001.</subfield>
  </datafield>
  <datafield tag="300" ind1=" " ind2=" ">
    <subfield code="a">xiv, 206 p. :</subfield>
    <subfield code="b">ill.</subfield>
  </datafield>
  <datafield tag="504" ind1=" " ind2=" ">
    <subfield code="a">Includes bibliographical references and index.</subfield>
  </datafield>
  <datafield tag="505" ind1="0" ind2=" ">
    <subfield code="t">Introduction: Financing for development on the agenda of the Rio Group/</subfield>
    <subfield code="r">G. Fern&#xFFFD;andez de Soto--</subfield>
    <subfield code="t">1. The International Conference on Financing for Development/</subfield>
    <subfield code="r">O. R. de Rojas--</subfield>
    <subfield code="t">2. A Latin American and Caribbean perspective/</subfield>
    <subfield code="r">G. Rosenthal--</subfield>
    <subfield code="t">3. Regional trends in global perspective/</subfield>
    <subfield code="r">A. Lukauskas--</subfield>
    <subfield code="t">4. The role of regional development financial institutions/</subfield>
    <subfield code="r">E. Garc&#xFFFD;ia--</subfield>
    <subfield code="t">5. The international financial architecture: towards the creation of a stable framework for financial and exchange markets/</subfield>
    <subfield code="r">M. Agos&#xFFFD;in and J.A. Ocampo--</subfield>
    <subfield code="t">6. External indebtedness and economic and social development/</subfield>
    <subfield code="r">F. Jaramillo and O. Manzano--</subfield>
    <subfield code="t">7. Intra- and extraregional foreign direct investment in Latin America/</subfield>
    <subfield code="r">R. Grosse--</subfield>
    <subfield code="t">8. Financing for development in Latin America: a view from the private sector/</subfield>
    <subfield code="r">F. Kaune--</subfield>
    <subfield code="t">9. Report on the authors' roundtable held at the University of Columbia/</subfield>
    <subfield code="r">M. E. Mujica.</subfield>
  </datafield>
  <datafield tag="533" ind1=" " ind2=" ">
    <subfield code="a">Electronic reproduction.</subfield>
    <subfield code="b">Palo Alto, Calif. :</subfield>
    <subfield code="c">ebrary,</subfield>
    <subfield code="d">2013.</subfield>
    <subfield code="n">Available via World Wide Web.</subfield>
    <subfield code="n">Access may be limited to ebrary affiliated libraries.</subfield>
  </datafield>
  <datafield tag="650" ind1=" " ind2="0">
    <subfield code="a">Finance</subfield>
    <subfield code="z">Latin America.</subfield>
  </datafield>
  <datafield tag="650" ind1=" " ind2="0">
    <subfield code="a">Investments, Foreign</subfield>
    <subfield code="z">Latin America.</subfield>
  </datafield>
  <datafield tag="650" ind1=" " ind2="0">
    <subfield code="a">Economic development</subfield>
    <subfield code="x">Finance.</subfield>
  </datafield>
  <datafield tag="651" ind1=" " ind2="0">
    <subfield code="a">Latin America</subfield>
    <subfield code="x">Economic policy.</subfield>
  </datafield>
  <datafield tag="655" ind1=" " ind2="7">
    <subfield code="a">Electronic books.</subfield>
    <subfield code="2">local</subfield>
  </datafield>
  <datafield tag="710" ind1="2" ind2=" ">
    <subfield code="a">ebrary, Inc.</subfield>
  </datafield>
  <datafield tag="856" ind1="4" ind2="0">
    <subfield code="u">http://site.ebrary.com/lib/rucke/Doc?id=5006040</subfield>
    <subfield code="z">An electronic book accessible through the World Wide Web; click to view</subfield>
  </datafield>
  <datafield tag="999" ind1=" " ind2=" ">
    <subfield code="c">6208</subfield>
    <subfield code="d">6208</subfield>
  </datafield>
</record>
